Hợp tuyển văn học cổ điển Hàn Quốc

Сохранить в:
Библиографические подробности
Главный автор: Phan, Thị Thu Hiền
Формат:
Язык:Undetermined
Опубликовано: Thành phố Hồ Chí Minh Tổng hợp Thành phố Hồ Chí Minh 2017
Предметы:
Метки: Добавить метку
Нет меток, Требуется 1-ая метка записи!
Thư viện lưu trữ: Trung tâm Học liệu Trường Đại học Cần Thơ
LEADER 00718nam a2200205Ia 4500
001 CTU_225815
008 210402s9999 xx 000 0 und d
020 |c 190000 
082 |a 895.7 
082 |b H305 
100 |a Phan, Thị Thu Hiền 
245 0 |a Hợp tuyển văn học cổ điển Hàn Quốc 
245 0 |c Phan Thị Thu Hiền (Chủ biên) 
260 |a Thành phố Hồ Chí Minh 
260 |b Tổng hợp Thành phố Hồ Chí Minh 
260 |c 2017 
650 |a Korean literature,Văn học Hàn Quốc 
650 |x History and criticism,Lịch sử và phê bình 
910 |b vtbtruc 
980 |a Trung tâm Học liệu Trường Đại học Cần Thơ